Keyserling / (Record no. 147933)

MARC details
000 -LEADER
campo de control de longitud fija 00666nam a2200205 i 4500
001 - NÚMERO DE CONTROL
campo de control 147933
003 - IDENTIFICADOR DE NÚMERO DE CONTROL
campo de control ES-MaACL
005 - FECHA Y HORA DE LA ÚLTIMA TRANSACCIÓN
campo de control 20260612132718.0
007 - CAMPO FIJO DE DESCRIPCIÓN FÍSICA--INFORMACIÓN GENERAL
campo de control de longitud fija t|
008 - DATOS DE LONGITUD FIJA--INFORMACIÓN GENERAL
campo de control de longitud fija 071009s1960 sp ||||1| spa d
080 ## - NÚMERO DE LA CLASIFICACIÓN DECIMAL UNIVERSAL
Número de la Clasificación Decimal Universal 92(Keyserling, Hermann von)
100 1# - ENTRADA PRINCIPAL--NOMBRE DE PERSONA
Nombre de persona Uscatescu, Jorge,
Fechas asociadas al nombre 1919-1995
9 (RLIN) 112293
245 10 - MENCIÓN DEL TÍTULO
Título Keyserling /
Mención de responsabilidad, etc. Jorge Uscatescu.
260 ## - PUBLICACIÓN, DISTRIBUCIÓN, ETC.
Lugar de publicación, distribución, etc. Madrid :
Nombre del editor, distribuidor, etc. [s.n.,
Fecha de publicación, distribución, etc. 1960]
300 ## - DESCRIPCIÓN FÍSICA
Extensión p. 199 a 212 ;
Dimensiones 24 cm.
500 ## - NOTA GENERAL
Nota general Publicado en la Revista de Filosofía ( t. XIX, nº 73-74) del Instituto Luis Vives.
600 14 - PUNTO DE ACCESO ADICIONAL DE MATERIA--NOMBRE DE PERSONA
Nombre de persona Keyserling, Hermann, Graf von,
Fechas asociadas al nombre 1880-1946
9 (RLIN) 67982
852 ## - LOCALIZACIÓN
Ubicación ES-MaACL
Número de control de estantería 2028-F-27
Sublocalización o colección R.48780
Holdings
Estatus retirado Estado de pérdida Estado de daño No para préstamo Colección Biblioteca de origen Biblioteca actual Ubicación en estantería Fecha de adquisición Fuente de adquisición Total de préstamos Signatura topográfica completa Código de barras Visto por última vez Precio de reemplazo Tipo de ítem Koha
        Colección de folletos Biblioteca del Ateneo de Madrid Biblioteca del Ateneo de Madrid Depósito folletos 17/01/2008     2028-F-27 1154385 23/02/2023 23/02/2023 Folleto